000 00731nam a2200265Ia 4500
005 20260121171300.0
008 008 260114s9999 xx 000 0 eng d
020 _a9783030203276
037 _aEBOOK
040 _aCRL
040 _beng
040 _cCRL
041 _2eng
041 _aeng
084 _qCRL
100 _aJulián Villamayor
_91074296
245 0 _aInfluence of the Sea Surface Temperature Decadal Variability on Tropical Precipitation: West African and South American Monsoon
260 _bSpringer
260 _bSpringer
260 _c2020
856 _uhttps://link.springer.com/openurl?genre=book&isbn=978-3-030-20327-6
942 _cEBOOK
999 _c1640026
_d1640026